| 000 | 00783nam a22002537a 4500 | ||
|---|---|---|---|
| 001 | 14375 | ||
| 003 | BD-JhCC | ||
| 005 | 20250731130710.0 | ||
| 008 | 250731b |||||||| |||| 00| 0 eng d | ||
| 020 | _a9780141398020 | ||
| 035 | _a(BD-JhCC) 14375 | ||
| 040 |
_aBD-JhCC _dBD-JhCC |
||
| 041 | _aeng | ||
| 082 |
_223 _a823 _bHEB |
||
| 100 | _aHebel, Johann Peter Hebel | ||
| 245 |
_aHow a Ghastly Story Was Brought to Light by a Common or Garden Butcher's Dog / _cJohann Peter Hebel, Translated by John Hibberd and Nicholas Jacobs |
||
| 260 |
_aIndia: _bPenguin Classics, _c2015 |
||
| 300 |
_a53 p.; _b16 cm. |
||
| 490 |
_aPenguin Little Black Classics _v22 |
||
| 650 |
_aEnglish Fiction _vShort Story |
||
| 700 | _aHibberd,John | ||
| 700 | _aJacobs,Nicholas | ||
| 942 |
_2ddc _cBK |
||
| 999 |
_c14375 _d14375 |
||